Fifty years of agronomic research in India (Record no. 42427)

MARC details
000 -LEADER
fixed length control field 00516nam a2200181Ia 4500
082 ## - DEWEY DECIMAL CLASSIFICATION NUMBER
Classification number 631/635:001.5
Item number YAD
100 ## - MAIN ENTRY--AUTHOR NAME
Personal name Yadav, R L
245 #0 - TITLE STATEMENT
Title Fifty years of agronomic research in India
260 ## - PUBLICATION, DISTRIBUTION, ETC. (IMPRINT)
Place of publication New Delhi
Name of publisher Indian Society of Agronomy
Year of publication 1998
650 ## - SUBJECT ADDED ENTRY--TOPICAL TERM
Topical Term Agroforestry
650 ## - SUBJECT ADDED ENTRY--TOPICAL TERM
Topical Term Agrotechniques
650 ## - SUBJECT ADDED ENTRY--TOPICAL TERM
Topical Term Cropping systems research
650 ## - SUBJECT ADDED ENTRY--TOPICAL TERM
Topical Term Nutrient management
650 ## - SUBJECT ADDED ENTRY--TOPICAL TERM
Topical Term Rain water management
650 ## - SUBJECT ADDED ENTRY--TOPICAL TERM
Topical Term Weed management
942 ## - ADDED ENTRY ELEMENTS (KOHA)
Koha item type Books
Holdings
Withdrawn status Lost status Damaged status Not for loan Home library Current library Date acquired Cost, normal purchase price Full call number Accession Number Koha item type
        RRII Library RRII Library 16/12/2021 400.00 631/635:001.5 YAD 22699 Books